| 000 | 00504nam a22001937a 4500 | ||
|---|---|---|---|
| 003 | NUST - PNEC | ||
| 005 | 20170116180821.0 | ||
| 008 | 150622b xxu||||| |||| 00| 0 eng d | ||
| 020 | _a0071233741 | ||
| 040 | _cLIBRARY | ||
| 082 | _a511 ROS | ||
| 100 |
_94124 _aRosen, Kenneth H. |
||
| 245 |
_aDiscrete mathematics and its applications _cKenneth H.Rosen |
||
| 250 | _a5th ed | ||
| 260 |
_aNew York _bMcgraw Hill _cc2003. |
||
| 300 | _a787 p. : | ||
| 650 |
_94125 _aMathmetics _xME |
||
| 942 |
_2ddc _cBK |
||
| 999 |
_c63744 _d63744 |
||